Vista normal Vista MARC

Entrada Personal Name

Número de registros utilizados en: 1

001 - CONTROL NUMBER

  • control field: 64190

003 - CONTROL NUMBER IDENTIFIER

  • control field: OSt

005 - DATE AND TIME OF LATEST TRANSACTION

  • control field: 20250828192823.0

008 - FIXED-LENGTH DATA ELEMENTS

  • fixed length control field: 250828|| aca||aabn | a|a d

040 ## - CATALOGING SOURCE

  • Original cataloging agency: OSt
  • Transcribing agency: OSt

100 ## - HEADING--PERSONAL NAME

  • Personal name: Ackerley, Sarah, ilustradora \ Farran, Teresa, traductora

670 ## - SOURCE DATA FOUND

  • Source citation: Work cat.: (OSt)58851: Deak, JoAnn, PH.D aut 64187, Tu fantástico y elástico cerebro :









Instituto Departamental de Cultura del Meta - Red Departamental de Bibliotecas Públicas del Meta.